| 000 | 00446nam a22001817a 4500 | ||
|---|---|---|---|
| 003 | MPLRDC | ||
| 005 | 20220104154840.0 | ||
| 008 | 210129b ||||| |||| 00| 0 eng d | ||
| 020 | _a981-05-1574-X | ||
| 082 | _a121.31 LZ-2 | ||
| 100 | _a老子原著 | ||
| 245 |
_a德道经 _c |
||
| 250 | _a第一版 | ||
| 260 |
_a新加坡 _b南洋文化发展公司 _c2004 |
||
| 300 | _b102 | ||
| 650 | _a先秦哲学--老子 | ||
| 942 |
_cBK _o121.31 LZ-2 |
||
| 999 |
_c54185 _d54175 |
||